000 00725nam a2200241 i 4500
001 18204
003 ES-MaACL
005 20230906151759.0
007 t|
008 010813s2000 sp a |||| | spa j
020 _a84-493-0961-1
080 _a915
100 1 _aWhitfield, Susan.
_9116702
245 1 3 _aLa vida en la ruta de la seda /
_cSusan Whitfield ; [traducción de Alicia Sánchez Millet].
260 _aBarcelona :
_bPaidós,
_c[2000]
300 _a285 p :
_bil ;
_c24 cm.
490 1 _aPaidós orígenes ;
_v17
651 4 _aRuta de la Seda.
_9151299
700 1 _aSánchez Millet, Alicia.
_9102782
830 0 _aPaidós orígenes ;
_v17
_9180406
852 _aES-MaACL
_jL-24889
999 _c18204
_d18204